Slaves of slaves : the challenge of Latin American women : Latin American and Caribbean Women's Collective /

Bibliographic Details
Corporate Author: Collectif de femmes d'Amérique latine et de la Caraïbe
Format: Book
Language:English
French
Published: London : Zed Press ; 1980.
Subjects:

MARC

Tag First Indicator Second Indicator Subfields
LEADER 00000cam a2200000 a 4500
001 in00000077039
005 20151008055029.0
008 810805s1980 enk b 00000 eng
010 |a  81118443  
015 |a GB*** 
020 |a 0862320062 :  |c 12.95 ($19.95 U.S.) 
020 |a 0862320011 (pbk.) :  |c 4.50 ($9.95 U.S.) 
035 |a (OCoLC)07741825 
035 |9 AAJ2367AM 
039 0 |a 2  |b 3  |c 3  |d 3  |e 3 
040 |a DLC  |c DLC  |d TXA  |d UtOrBLW 
041 1 |a eng  |a fre 
043 |a cl----- 
049 |a TXAM  |c [1361526] 
050 0 0 |a HQ1460.5  |b .L3813 
082 0 |a 305.4/098  |2 19 
240 1 0 |a Des Latino-americaines.  |l English 
245 0 0 |a Slaves of slaves :  |b the challenge of Latin American women : Latin American and Caribbean Women's Collective /  |c translated by Michael Pallis. 
264 1 |a London :  |b Zed Press ;  |c 1980. 
264 2 |a Westport, Conn. :  |b Distributed by L. Hill, 
300 |a 186 pages ;  |c 22 cm. 
336 |a text  |b txt  |2 rdacontent 
337 |a unmediated  |b n  |2 rdamedia 
338 |a volume  |b nc  |2 rdacarrier 
500 |a Translation of: Des Latino-americaines. 
504 |a Includes bibliographical references. 
650 0 |a Feminism  |z Latin America. 
650 0 |a Women  |z Latin America  |x Social conditions. 
650 0 |a Women's rights  |z Latin America. 
710 2 |a Collectif de femmes d'Amérique latine et de la Caraïbe. 
999 |a MARS 
999 f f |s da89ce43-ae11-3558-9883-8eb886cc8585  |i cda6ae73-f664-3f6b-95eb-1bd3658aecdb  |t 0 
952 f f |p ric  |a Texas A&M University  |b Rellis Campus  |c Joint Library Facility  |d Remote Storage  |t 0  |e HQ1460.5 .L3813  |h Library of Congress classification  |i unmediated -- volume  |m A14806143609 
998 f f |a HQ1460.5 .L3813  |t 0  |l Remote Storage